|
|
|
|
| LEADER |
00000nam0a2200000 4500 |
| 001 |
198449 |
| 005 |
20260305071552.0 |
| 010 |
|
|
|a 9785982200396
|b 500 экз.
|
| 035 |
|
|
|a (RuTPU)RU\TPU\book\216439
|
| 090 |
|
|
|a 198449
|
| 100 |
|
|
|a 20110629d2010 km y0rusy50 ca
|
| 101 |
0 |
|
|a rus
|
| 102 |
|
|
|a RU
|
| 105 |
|
|
|a a z 001zc
|
| 200 |
1 |
|
|a Обручевы
|f Д. А. Михайлов
|
| 210 |
|
|
|a Санкт-Петербург
|c Русское генеалогическое общество
|d 2010
|
| 215 |
|
|
|a 340 с.
|c ил.
|
| 300 |
|
|
|a В суперобложке.
|
| 316 |
|
|
|5 63413507: 10-2237
|a На 5 ненумер. стр. дарственная надпись: " В Библиотеку ТПУ от семьи Обручевых. Н. Обручева. 22.09.2010"
|
| 320 |
|
|
|a Библиогр.: с. 326-330
|
| 320 |
|
|
|a Имен. указ.: с. 331-338
|
| 330 |
|
|
|a Настоящее повествование о российском дворянском роде Обручевых, давшем ряд выдающихся военачальников и геологов, ставит своей целью не только рассказать о многих замечательных членах этого рода, но и попытаться показать, как социальные условия общества и культура семьи влияли на развитие и деятельность отдельной личности, на формирование идей, владевших целыми поколениями в истории России.
|
| 600 |
|
1 |
|a Обручев
|b А. А.
|c российский генерал-лейтенант
|c командир Литовского пионерного (саперного) батальона
|f 1796-1866
|g Александр Афанасьевич
|7 ca
|8 rus
|2 stltpush
|3 (RuTPU)RU\TPU\pers\19348
|9 7403
|
| 600 |
|
1 |
|a Обручев
|b А. А.
|c командир пехотного полка
|c отец Владимира Афанасьевича Обручева, знаменитого геолога
|f 1835-1881
|g Афанасий Александрович
|7 ca
|8 rus
|2 stltpush
|3 (RuTPU)RU\TPU\pers\19350
|9 7405
|
| 600 |
|
1 |
|a Обручев
|b А. Ф.
|c российский инженер, генерал-майор
|c строитель крепостей
|f 1760-1827
|g Афанасий Федорович
|7 ca
|8 rus
|2 stltpush
|3 (RuTPU)RU\TPU\pers\19346
|9 7401
|
| 600 |
|
1 |
|a Обручев
|b В. А.
|c российский геолог
|c профессор Томского технологического института
|c исследователь Сибири, Центральной и Средней Азии
|c географ
|f 1863-1956
|g Владимир Афанасьевич
|y Томск
|7 ca
|8 rus
|2 stltpush
|3 (RuTPU)RU\TPU\pers\996
|9 441
|
| 600 |
|
1 |
|a Обручев
|b В. А.
|c генерал-губернатор Оренбургского края
|f 1792-1866
|g Владимир Афанасьевич
|7 ca
|8 rus
|2 stltpush
|3 (RuTPU)RU\TPU\pers\19347
|9 7402
|
| 600 |
|
1 |
|a Обручев
|b В. А.
|c российский генерал- лейтенант
|c соратник Чернышевского Н. Г., сотрудник "Современника"
|f 1836-1912
|g Владимир Александрович
|7 ca
|8 rus
|2 stltpush
|3 (RuTPU)RU\TPU\pers\19351
|9 7406
|
| 600 |
|
1 |
|a Обручев
|b В. В.
|c российский геолог
|c редактор трудов академика В. А. Обручева
|f 1888-1966
|g Владимир Владимирович
|7 ca
|8 rus
|2 stltpush
|3 (RuTPU)RU\TPU\pers\19354
|9 7409
|
| 600 |
|
1 |
|a Обручев
|b Д. В.
|c российский ученый
|c основатель русской школы палеонтологов
|f 1900-1970
|g Дмитрий Владимирович
|7 ca
|8 rus
|2 stltpush
|3 (RuTPU)RU\TPU\pers\19355
|9 7410
|
| 600 |
|
1 |
|a Обручев
|b Н. А.
|c российский военный деятель, полковник
|c командир Самогитского гренадерского полка
|f 1802-1837
|g Николай Афанасьевич
|7 ca
|8 rus
|2 stltpush
|3 (RuTPU)RU\TPU\pers\19349
|9 7404
|
| 600 |
|
1 |
|a Обручев
|b Н. Н.
|c российский военный деятель
|c начальник Генерального штаба
|f 1830-1904
|g Николай Николаевич
|7 ca
|8 rus
|2 stltpush
|3 (RuTPU)RU\TPU\pers\19353
|9 7408
|
| 600 |
|
1 |
|a Обручев
|b С. В.
|c российский геолог и географ
|f 1891-1965
|g Сергей Владимирович
|7 ca
|8 rus
|2 stltpush
|3 (RuTPU)RU\TPU\pers\11489
|9 2683
|
| 600 |
|
1 |
|a Обручев
|b В. А.
|c российский генерал- лейтенант
|c соратник Чернышевского Н. Г., сотрудник "Современника"
|f 1836-1912
|g Владимир Александрович
|7 ca
|8 rus
|2 stltpush
|3 (RuTPU)RU\TPU\pers\19351
|9 7406
|
| 602 |
|
|
|a Обручевы
|7 ca
|8 rus
|c российский дворянский род
|2 stltpush
|3 (RuTPU)RU\TPU\pers\19356
|9 7411
|
| 606 |
|
|
|a Деятели общественные и государственные
|x Персоналии
|y Россия
|7 ca
|8 rus
|2 stltpush
|3 (RuTPU)RU\TPU\subj\64719
|9 81477
|
| 610 |
1 |
|
|a история
|
| 610 |
1 |
|
|a Россия
|
| 610 |
1 |
|
|a дворянские роды
|
| 610 |
1 |
|
|a военачальники
|
| 610 |
1 |
|
|a геологи
|
| 610 |
1 |
|
|a российские общественные деятели
|
| 610 |
1 |
|
|a Томский технологический институт
|
| 610 |
1 |
|
|a 15 век
|
| 610 |
1 |
|
|a 16 век
|
| 610 |
1 |
|
|a 17 век
|
| 610 |
1 |
|
|a 18 век
|
| 610 |
1 |
|
|a 19 век
|
| 610 |
1 |
|
|a коллекция В. А. Обручева
|
| 686 |
|
|
|a Т3(2)-8
|v LBC/SL-A
|2 rubbk
|
| 700 |
|
1 |
|a Михайлов
|b Д. А.
|g Дмитрий Александрович
|
| 801 |
|
1 |
|a RU
|b 63413507
|c 20110629
|
| 801 |
|
2 |
|a RU
|b 63413507
|c 20181220
|g RCR
|
| 942 |
|
|
|c BK
|